|
|
|
|
| LEADER |
00000nam a2200000 a 4500 |
| 001 |
vtls001484384 |
| 003 |
SK-MaSNL |
| 005 |
20260301163918.0 |
| 008 |
240313s2004 xo a slo |
| 015 |
|
|
|a SNBA2006/01-00357
|
| 020 |
|
|
|a 8080731527
|q (brož.)
|
| 035 |
|
|
|a SNK000439678
|
| 035 |
|
|
|a urn:nbn:sk:snk-amlsa5
|
| 035 |
|
|
|a urn:nbn:sk:snk-am00c91p
|
| 035 |
|
|
|a 52F06126-CC9B-465D-8323-D107D150D2F7
|
| 040 |
|
|
|a SNK
|b slo
|c SNK
|e AACR2
|
| 041 |
0 |
|
|a slo
|
| 044 |
|
|
|a xo
|c SK
|
| 072 |
|
7 |
|a 51
|x Matematika
|2 konspekt
|
| 080 |
|
|
|a 51
|x (075.8)
|2 2001
|
| 080 |
|
|
|a 512
|2 1981
|
| 080 |
|
|
|a 514.12
|2 1981
|
| 080 |
|
|
|a (075.8)
|2 1981
|
| 080 |
|
|
|a 51
|2 1981
|
| 100 |
1 |
|
|a Macurová, Anna
|4 aut
|9 24921
|
| 245 |
1 |
0 |
|a Matematika I. Úlohy
|c Anna Macurová, Dušan Macura
|
| 250 |
|
|
|a 1. vyd.
|
| 260 |
|
|
|a V Košiciach
|b Technická univerzita
|c 2004
|
| 300 |
|
|
|a 52 s.
|b sch., tab.
|c 29 cm
|
| 500 |
|
|
|a Názov z obalu
|
| 500 |
|
|
|a Vydala Fakulta výrobných technológií so sídlom v Prešove
|
| 504 |
|
|
|a Bibliogr. s. 52
|
| 506 |
|
|
|a 100 výtl.
|
| 650 |
0 |
7 |
|a algebra
|2 phsnk
|9 1101
|
| 650 |
0 |
7 |
|a analytická geometria
|2 phsnk
|9 830
|
| 650 |
0 |
7 |
|a matematika
|2 phsnk
|9 70174
|
| 655 |
|
7 |
|a učebnice vysokých škôl
|2 phsnk
|9 70191
|
| 700 |
1 |
|
|a Macura, Dušan
|4 aut
|9 12446
|
| 752 |
|
|
|a Slovensko
|d Košice
|
| 919 |
|
|
|a 80-8073-152-7
|
| 958 |
|
|
|a NB
|
| 968 |
|
|
|d 51
|
| 999 |
|
|
|c 818721
|d 820651
|
| 952 |
|
|
|t P60, <03>, [BOOK], {603}, -B-
|a SNK
|b SNK
|y PREZ
|7 0
|p 17A0449136
|o snkSB 69493/1
|i snkKSP 14042/2004
|0 0
|1 0
|4 0
|d 2004-11-02
|f 1
|l 0
|r 2025-04-23 00:00:00
|w 2026-02-24
|
| 952 |
|
|
|t P60, <04>, [BOOK], {604}, -W-
|a SNK
|b SNK
|y VYP
|7 0
|p 17A0449172
|o snkSB 69493/1 D1
|i snkKSP 14043/2004
|0 0
|1 0
|4 0
|d 2004-11-02
|l 0
|r 2005-01-02 00:00:00
|w 2026-02-24
|